|
|
|
|
| LEADER |
00000nab a2200000 a 4500 |
| 001 |
vtls000522449 |
| 003 |
SK-MaSNL |
| 005 |
20260426095212.0 |
| 008 |
160202c xo 0 slo |
| 015 |
|
|
|a SNBRB19rr/mm-uuuuu
|
| 035 |
|
|
|a CL0522587
|
| 040 |
|
|
|a SNKBUCL
|b slo
|c SNKBUCL
|e AACR2
|
| 041 |
0 |
|
|a slo
|
| 044 |
|
|
|a xo
|c SK
|
| 080 |
|
|
|a 327(437.6:439)
|2 1981
|
| 080 |
|
|
|a 327(439:437.6)
|2 1981
|
| 245 |
0 |
0 |
|a Najprv Česko, potom Maďarsko
|b Prezident Michal Kováč pre Népszabadság o susedských vzťahoch
|
| 650 |
0 |
7 |
|a zahraničná politika
|2 snkbucl
|9 971
|
| 650 |
0 |
7 |
|a Nepszabadság (denník maďarský)
|2 snkbucl
|9 1554190
|
| 651 |
|
7 |
|a Slovensko
|2 snkbucl
|9 14231
|
| 651 |
|
7 |
|a Maďarsko
|2 snkbucl
|9 16754
|
| 655 |
|
7 |
|a články z novín a časopisov
|2 snkbucl
|9 267496
|
| 700 |
1 |
|
|a Kováč, Michal
|4 aut
|9 265919
|
| 773 |
0 |
|
|t Pravda
|g Roč. 4 (75), č. 156 (7. 7. 1994), s. 1
|
| 850 |
|
|
|a Slovenská národná knižnica v Martine
|a MTA001
|
| 852 |
|
|
|a SNK
|b KIS3GCP
|
| 958 |
|
|
|a RK
|
| 958 |
|
|
|a HU
|
| 992 |
|
|
|a RBX
|
| 999 |
|
|
|c 3159621
|d 3161551
|